| 000 | 00971nam a2200217 a 4500 | ||
|---|---|---|---|
| 008 | 121004s2000 ||||||||||||||||| || u | ||
| 020 | _a0071357815 | ||
| 050 | _aT 385 Xia | ||
| 100 | _aXiang, Zhigang | ||
| 245 | 1 | 0 |
_aSchaum's outline of theory and problems of computer graphics. -- 2nd ed. _cby Zhigang Xiang and Roy Plastock |
| 250 | _a2nd ed. | ||
| 260 |
_aNew York: _bMcGraw-Hill _c2000 |
||
| 300 | _aix, 342p.: ill. | ||
| 490 | _aSchaum's outline series | ||
| 500 | _aDonated by Counsellor Kang'ombe | ||
| 650 | _aCOMPUTER GRAPHICS--PROBLEMS, EXERCISES, ETC | ||
| 650 | _aCOMPUTER GRAPHICS--OUTLINES, SYLLABI, ETC | ||
| 700 | _aPlastock, Roy A | ||
| 995 |
_aMAIN LIBRARY OPEN ACCESS _e743375 _FCBU-MAIN LIBRARY (Kitwe) _jT 385 Xia _M2 _UAVAILABLE _WOct 4, 2012 _y743375 _ZMain Library Open Access Collection |
||
| 995 |
_aMAIN LIBRARY OPEN ACCESS _e743374 _FCBU-MAIN LIBRARY (Kitwe) _jT 385 Xia _M1 _UAVAILABLE _WOct 4, 2012 _y743374 _ZMain Library Open Access Collection |
||
| 999 |
_c80330 _d80330 |
||